Setkání /

Hlavní autor: Svobodová, Marie
Jazyk: Čeština
Vydáno: Brno : M. Svobodová, 2013
Vydání: Vyd. 1.
Témata:
Fyzický popis: 44 s. ; 15 cm
Knihy
Uloženo v:
LEADER 00924nam a2200313 a 4500
001 nkc20132444737
003 CZ PrNK
005 20130624144411.0
007 ta
008 130301s2013 xr g 000 p cze
015 |a cnb002444737 
020 |a 978-80-260-4016-3  |q (váz.) 
035 |a (OCoLC)847727712 
040 |a BOA001  |b cze 
072 7 |a 821.162.3-1  |x Česká poezie  |2 Konspekt  |9 25 
080 |a 821.162.3-1  |2 MRF 
080 |a (0:82-1)  |2 MRF 
100 1 |a Svobodová, Marie  |7 mzk2013760045  |4 aut 
245 1 0 |a Setkání /  |c Marie Svobodová 
250 |a Vyd. 1. 
260 |a Brno :  |b M. Svobodová,  |c 2013 
300 |a 44 s. ;  |c 15 cm 
655 7 |a česká poezie  |7 fd133958  |2 czenas 
655 9 |a Czech poetry  |2 eczenas 
910 2 |a BOA001  |b S-1304.645 
990 |a BK 
995 |a 01 
991 |b 201305  |e b 
996 6 |b 2610548685  |c S-1304.645  |l MZK  |r Sklad / do 24 hodin  |n 0  |p p.v.  |w 001326559  |u 000010  |a 1  |e BOA001  |j MZK50  |s P